| 000 | 00469nam a2200157 a 4500 | ||
|---|---|---|---|
| 005 | 20140414132059.0 | ||
| 008 | 100524s19uu xx 00 eng d | ||
| 050 |
_aREF 608.7 _bP65 1993 |
||
| 100 | _aPollard, Michael | ||
| 245 | _aThe illustrated dictionary of inventors and inventions. | ||
| 260 |
_aWiltshire, UK : _bMerlion pub ltd, _c1993. |
||
| 440 | _aThe illustrated dictionaries of science. | ||
| 650 | _aInventors | ||
| 650 | _aInventions | ||
| 999 |
_c114407 _d114407 |
||